00992nam a2200253 a 450000100060000000300080000600500170001400800410003102000150007203500190008704000270010604100080013308200250014124500600016626000350022630000320026150400510029365000230034470000280036794200120039599900170040795201580042495201560058253728BD-RjUL20211209080018.0161024s2002 nyua b 001 0 eng  a0851995675 a(BD-RjUL)53850 aDLCcDLCdBD-RjULbeng aeng00a592.57223bENT 200200aEntomopathogenic nematology /cedited by Randy Gaugler. aNew York :bCABI Pub.,cc2002. ax, 388 p. :bill. ;c26 cm. aIncludes bibliographical references and index. 0aNematodes.91605451 aGaugler, Randy.9160546 2ddccBK c53728d53728 00102ddc40708NFICaRUCLbRUCLcStackd2006-03-30eDhaka,Paragon Enterprise Lit.,g75.00l0o592.57 ENT 2002r2016-10-24 00:00:00tC-2w2021-12-09yBK 00102ddc40718NFICaRUCLbRUCLcReadingd2006-04-22eParagogn Enterprise, Dhakag75.00l0o592.57 ENT 2002r2017-03-13 00:00:00tC-1w2017-03-13yBK